Objective Agricultural Economics/ (Record no. 207805)

MARC details
000 -LEADER
fixed length control field 00595nam a2200193 4500
005 - DATE AND TIME OF LATEST TRANSACTION
control field 20241218142704.0
010 ## - LCCN (DPL NO)
LC control number ENG-143127
020 ## - INTERNATIONAL STANDARD BOOK NUMBER
International Standard Book Number 9788119337606
Terms of availability 400.00
035 ## - SYSTEM CONTROL NUMBER
System control number EN-126659
037 ## - SOURCE OF ACQUISITION
Source of stock number/acquisition DBAD
082 ## - DEWEY DECIMAL CLASSIFICATION NUMBER
Classification number 338.1095405
100 ## - MAIN ENTRY--PERSONAL NAME
Personal name Balamurugan, V.
245 ## - TITLE STATEMENT
Title Objective Agricultural Economics/
Statement of responsibility, etc by V. Balamurugan...[et.al]
250 ## - EDITION STATEMENT
Edition statement 1
260 ## - PUBLICATION, DISTRIBUTION, ETC. (IMPRINT)
Place of publication, distribution, etc Madurai
Name of publisher, distributor, etc Shanlax Publications
Date of publication, distribution, etc 2023
270 ## - ADDRESS
Address 61,66 Vasantha Nagar
City Madurai
Postal code 625003
Electronic mail address shanlaxpublications@gmail.com
300 ## - PHYSICAL DESCRIPTION
Extent 194p.
Dimensions 24cm(Pb)
942 ## - ADDED ENTRY ELEMENTS (KOHA)
Source of classification or shelving scheme Dewey Decimal Classification
Item type English Books
Classification part 338.1095405
Call number suffix BAl
Holdings
Withdrawn status Lost status Not for loan Collection code Home library Current library Date acquired Source of acquisition Cost, normal purchase price Full call number Barcode Copy number Cost, replacement price Koha item type
      Non-fiction Central Library Central Library 18/12/2024 Delivery of Books Division 400.00 338.1095405 BAl EN-126659 1 400.00 English Books

© Delhi Public Library
Hit Counter
free hit counter